Joueurs de football : Ligue 1 (Difficile) - Statistiques

Statistiques générales
  • Ce quiz a été pris 412 fois
  • Le résultat moyen est 10 sur 16
Statistiques - réponses
Par images Réponse % Correct
Bourigeaud
93%
Minamino
87%
Mikautadze
83%
Lepenant
80%
Yoro
76%
Gharbi
73%
Gradit
70%
Ndiaye
66%
Gastien
57%
Brahimi
56%
Ganago
51%
Dallinga
49%
Nyamsi
35%
Sylla
34%
Le Goff
28%
Agbadou
26%
Aucun quiz correspondant
Distribution des résultats
% des personnes avec chaque résultat
Percentile par nombre de réponses
Votre historique - résultats
Vous n’avez pas pris ce quiz